Battles with unusual names - Statistics

General Stats
  • This quiz has been taken 74 times
  • The average score is 7 of 20
Answer Stats
Hint Extra Hint Explanation Answer % Correct
Battle of the Ch'ongch'on River 1950 UN v China, Korean War North Korea
73%
Battle of Roundway Down 1643 English Civil War England
55%
Battle of Balaclava 1854 Crimean War Russia
53%
Night attack at Târgoviște 1462 Vlad the Impaler (Wallachia) v the Ottoman Empire Romania
50%
Battle of Quatre Bras 1815 France v Britain & Allies Belgium
47%
Battle of the Crater 1864 US Civil War USA
44%
Battle of Rain Thirty Years' War, 1632 Sweden v Holy Roman Empire Bavaria
39%
Battle of Zborov World War I, 1917 Czechoslovakia v Austro-Hungarian Empire Galicia (Ukraine)
35%
Battle of the Bulge World War II, 1944 Luxembourg
35%
Battle of Blood River 1838 Voortrekkers v Zulus South Africa
35%
Battle of the Camel 656 Basra Iraq
34%
Battle of Cut Knife 1865 Canada v Indians Canada
27%
Battle of the Uxian Defile 331 BC Macedonia v Uxians Persia
26%
Battle of the Caudine Forks 321 BC Romans v Samnites Italy
21%
Battle of the Baggage Transoxania, 737 Tajikistan
19%
Glorious First of June 1794 Britainv France Atlantic Ocean
18%
Battle of the Admin Box World War II, 1944 Burma
16%
Siege of the Sogdian Rock 327 BC Macedonia v Sogdia Uzbekistan
16%
Battle of Grandson Burgundian Wars, 1476 Switzerland v Burgundy Switzerland
10%
Battle of Bud Bagsak 1913 USA v Sultanate of Sulu Philippines
6%
No matching quizzes found
Score Distribution
Percent of People with Each Score
Percentile by Number Answered
Your Score History
You have not taken this quiz